000 00812nab a2200253 u 4500
001 11088
003 HDC
007 cr bn ---aaaaa
008 210206c9999 |r|noo 0 a may d
040 _aHDC
110 _aMalaysian Digest
245 0 _a50 Peratus Kanak-Kanak Gemar Makanan Ringan
260 _a[no place] :
_b[publisher not identified],
_c[no year]
336 _atext
_2rdacontent
337 _acomputer
_2rdamedia
338 _aonline resource
_2rdacarrier
650 _ahalal logo
_91692
650 _ahalal products
_9642
650 _aJunk food
_911316
856 _zRequest full-text at [email protected]
942 _2lcc
942 _cNEWS
942 _kNWSO 001255
999 _c8411
_d8411